| 000 | 01873nam a2200397 a 4500 | ||
|---|---|---|---|
| 001 | 00252 | ||
| 003 | DO-SdBNP | ||
| 005 | 20180313110944.0 | ||
| 007 | 00252 | ||
| 008 | 091118s2004 dr 2008 000 0 spa d | ||
| 020 | _a8482616765 (v.1) Texto | ||
| 020 | _a8482616447 (v.2) Cuaderno | ||
| 020 | _a8482616528 (v.3) Álbum | ||
| 040 |
_aBPMSU _bspa _cBPMSU |
||
| 092 |
_a372.83 _bL318s 8vo. 2004 |
||
| 100 | 1 | _aLora H., Quisqueya | |
| 245 | 1 |
_aSociedad 8 : _b básica / _cQuisqueya Lora, Marcos Morales ; editora Margarita Castro Catrain |
|
| 260 |
_aSanto Domingo : _bSantillana, _c2004. |
||
| 300 |
_a3 v. : _bil., mapas., retrs. ; _c28 cm. |
||
| 490 | 1 | _aÁmbar | |
| 505 | 0 |
_gv.7. _tUnidad 1 -- _tLos inicios del siglo XX -- _tUnidad 2 -- _tLas pugnas caudillistas -- _tUnidad 3 -- _tLas intervención de 1916 -- _tUnidad 4 -- _tAscenso de Trujillo -- _tUnidad 5 -- _tCrisis final de la dictadura -- _tUnidad 6 -- _tEl Caribe en el siglo XX -- _tUnidad 7 -- _tEl país entre 1961 y 1966 -- _tUnidad 8 -- _tLos doce años de Balaguer -- _tUnidad 9 -- _tEvolución política reciente -- _tUnidad 10 -- _tLa eonomía dominicana hoy -- _tUnidad 11 -- _rLa cultura dominicana -- _8Unidad 12 -- _aLa organizaición del espacio |
|
| 650 | 4 |
_aCIENCIAS SOCIALES _xENSEÑANZA BÁSICA |
|
| 650 | 4 |
_aCIENCIAS SOCIAIS _xEDUCACIÓN PRIMARIA |
|
| 650 | 4 |
_aCIENCIAS SOCIALES _xLIBROS DE TEXTOS |
|
| 650 | 4 |
_aCIENCIAS SOCIALES _xESTUDIOS Y EJERCICIOS |
|
| 650 | 4 |
_aEDUCACIÓN PRIMARIA _zREPÚBLICA DOMINICANA |
|
| 700 | 1 | 2 | _aMorales, Marcos |
| 700 | 1 | 2 |
_aCastro Catrain, Margarita, _eed. |
| 830 | 0 | _aÁmbar | |
| 910 | _aValidado. Control de calidad MFF | ||
| 942 |
_2ddc _cBK |
||
| 945 | _aRemanejado para la BNPHU / 2018 BT | ||
| 956 |
_aYLOCKWARD _b10 _c20150622 _lBND01 _h1356 |
||
| 956 |
_aVMATEO _b10 _c20150701 _lBPMSU _h00151 |
||
| 956 |
_aBTAVÁREZ _b10 _c20160414 _l00252 |
||
| 999 |
_c9912 _d9912 |
||